<?xml version="1.0" encoding="UTF-8"?>
<record
    xmlns:xsi="http://www.w3.org/2001/XMLSchema-instance"
    xsi:schemaLocation="http://www.loc.gov/MARC21/slim http://www.loc.gov/standards/marcxml/schema/MARC21slim.xsd"
    xmlns="http://www.loc.gov/MARC21/slim">

  <leader>01272nam a22002297a 4500</leader>
  <controlfield tag="003">NALT</controlfield>
  <controlfield tag="005">20220627094132.0</controlfield>
  <controlfield tag="008">210223b        th ||||| |||| 00| 0 tha d</controlfield>
  <datafield tag="040" ind1=" " ind2=" ">
    <subfield code="a">NALT</subfield>
  </datafield>
  <datafield tag="050" ind1=" " ind2=" ">
    <subfield code="a">HD 1333.T5</subfield>
    <subfield code="b">&#xE0A;432&#xE02; 2560</subfield>
  </datafield>
  <datafield tag="100" ind1="0" ind2=" ">
    <subfield code="9">50634</subfield>
    <subfield code="a">&#xE0A;&#xE31;&#xE22;&#xE27;&#xE31;&#xE12;&#xE19;&#xE4C; &#xE21;&#xE48;&#xE32;&#xE19;&#xE28;&#xE23;&#xE35;&#xE2A;&#xE38;&#xE02;</subfield>
  </datafield>
  <datafield tag="245" ind1="1" ind2="0">
    <subfield code="a">&#xE02;&#xE1A;&#xE27;&#xE19;&#xE01;&#xE32;&#xE23;&#xE40;&#xE04;&#xE25;&#xE37;&#xE48;&#xE2D;&#xE19;&#xE44;&#xE2B;&#xE27;&#xE17;&#xE32;&#xE07;&#xE2A;&#xE31;&#xE07;&#xE04;&#xE21; : </subfield>
    <subfield code="b">&#xE28;&#xE36;&#xE01;&#xE29;&#xE32;&#xE01;&#xE23;&#xE13;&#xE35;&#xE02;&#xE2D;&#xE07;&#xE01;&#xE32;&#xE23;&#xE1B;&#xE0F;&#xE34;&#xE23;&#xE39;&#xE1B;&#xE41;&#xE25;&#xE30;&#xE01;&#xE32;&#xE23;&#xE08;&#xE31;&#xE14;&#xE01;&#xE32;&#xE23;&#xE17;&#xE35;&#xE48;&#xE14;&#xE34;&#xE19;&#xE43;&#xE19;&#xE23;&#xE39;&#xE1B;&#xE41;&#xE1A;&#xE1A;&#xE02;&#xE2D;&#xE07;&#xE42;&#xE09;&#xE19;&#xE14;&#xE0A;&#xE38;&#xE21;&#xE0A;&#xE19;&#xE43;&#xE19;&#xE1B;&#xE23;&#xE30;&#xE40;&#xE17;&#xE28;&#xE44;&#xE17;&#xE22; /</subfield>
    <subfield code="c">&#xE0A;&#xE31;&#xE22;&#xE27;&#xE31;&#xE12;&#xE19;&#xE4C; &#xE21;&#xE48;&#xE32;&#xE19;&#xE28;&#xE23;&#xE35;&#xE2A;&#xE38;&#xE02;.</subfield>
  </datafield>
  <datafield tag="260" ind1=" " ind2=" ">
    <subfield code="a">&#xE19;&#xE19;&#xE17;&#xE1A;&#xE38;&#xE23;&#xE35; :</subfield>
    <subfield code="b">&#xE21;&#xE2B;&#xE32;&#xE27;&#xE34;&#xE17;&#xE22;&#xE32;&#xE25;&#xE31;&#xE22;&#xE2A;&#xE38;&#xE42;&#xE02;&#xE17;&#xE31;&#xE22;&#xE18;&#xE23;&#xE23;&#xE21;&#xE32;&#xE18;&#xE34;&#xE23;&#xE32;&#xE0A;,</subfield>
    <subfield code="c">2563.</subfield>
  </datafield>
  <datafield tag="300" ind1=" " ind2=" ">
    <subfield code="a">188 &#xE2B;&#xE19;&#xE49;&#xE32; :</subfield>
    <subfield code="b">&#xE15;&#xE32;&#xE23;&#xE32;&#xE07; ;</subfield>
    <subfield code="c">29 &#xE0B;&#xE21;.</subfield>
  </datafield>
  <datafield tag="650" ind1=" " ind2="4">
    <subfield code="9">9432</subfield>
    <subfield code="a">&#xE01;&#xE32;&#xE23;&#xE1B;&#xE0F;&#xE34;&#xE23;&#xE39;&#xE1B;&#xE17;&#xE35;&#xE48;&#xE14;&#xE34;&#xE19;</subfield>
    <subfield code="z">&#xE44;&#xE17;&#xE22;</subfield>
  </datafield>
  <datafield tag="650" ind1=" " ind2="4">
    <subfield code="9">15190</subfield>
    <subfield code="a">&#xE01;&#xE32;&#xE23;&#xE16;&#xE37;&#xE2D;&#xE04;&#xE23;&#xE2D;&#xE07;&#xE17;&#xE35;&#xE48;&#xE14;&#xE34;&#xE19;</subfield>
    <subfield code="x">&#xE44;&#xE17;&#xE22;</subfield>
  </datafield>
  <datafield tag="653" ind1=" " ind2="4">
    <subfield code="a">&#xE42;&#xE09;&#xE19;&#xE14;&#xE0A;&#xE38;&#xE21;&#xE0A;&#xE19;</subfield>
  </datafield>
  <datafield tag="850" ind1=" " ind2=" ">
    <subfield code="a">NALT</subfield>
  </datafield>
  <datafield tag="942" ind1=" " ind2=" ">
    <subfield code="c">RSH</subfield>
    <subfield code="2">lcc</subfield>
  </datafield>
  <datafield tag="998" ind1=" " ind2=" ">
    <subfield code="a">bijaya</subfield>
    <subfield code="b">phon</subfield>
    <subfield code="c">phon</subfield>
    <subfield code="j">8</subfield>
    <subfield code="k"> &#xE1A;&#xE31;&#xE13;&#xE11;&#xE34;&#xE15; &#xE2D;&#xE38;&#xE17;&#xE32;&#xE27;&#xE07;&#xE04;&#xE4C;</subfield>
  </datafield>
  <datafield tag="999" ind1=" " ind2=" ">
    <subfield code="c">98038</subfield>
    <subfield code="d">98038</subfield>
  </datafield>
  <datafield tag="952" ind1=" " ind2=" ">
    <subfield code="0">0</subfield>
    <subfield code="1">0</subfield>
    <subfield code="2">lcc</subfield>
    <subfield code="4">0</subfield>
    <subfield code="7">0</subfield>
    <subfield code="8">CRSH</subfield>
    <subfield code="a">NALT</subfield>
    <subfield code="b">NALT</subfield>
    <subfield code="d">2021-02-23</subfield>
    <subfield code="l">1</subfield>
    <subfield code="m">1</subfield>
    <subfield code="o">&#xE27; HD 1333.T5 &#xE0A;432&#xE02; 2560</subfield>
    <subfield code="p">3961211709</subfield>
    <subfield code="r">2022-07-11 00:00:00</subfield>
    <subfield code="s">2022-06-27</subfield>
    <subfield code="w">2021-02-23</subfield>
    <subfield code="y">RSH</subfield>
  </datafield>
</record>
